[Event "SVK-chT2C 1617"]
[Site "Slovakia"]
[Date "2017.02.12"]
[Round "9.3"]
[White "Lisko, Frantisek"]
[Black "Ambros, Rafael"]
[Result "1-0"]
[WhiteElo "2231"]
[BlackElo "1997"]
[PlyCount "81"]
[EventDate "2016.10.08"]
[EventType "team-tourn"]
[EventRounds "11"]
[EventCountry "SVK"]
[SourceTitle "EXT 2018"]
[Source "ChessBase"]
[SourceDate "2017.10.13"]
[SourceVersion "1"]
[SourceVersionDate "2017.10.13"]
[SourceQuality "1"]
[WhiteTeam "Dunajov Inbest II"]
[BlackTeam "Podbrezova ZP Sport"]
[WhiteTeamCountry "SVK"]
[BlackTeamCountry "SVK"]

1. d4 d5 2. c4 c6 3. Nc3 e6 4. e4 dxe4 5. Nxe4 Nf6 6. Nxf6+ Qxf6 7. Nf3 Bb4+ 8. Bd2 Bxd2+ 9. Qxd2 0-0 10. 0-0-0 a5 11. Bd3 h6 12. Rhe1 b6 13. Qe3 Ba6 14. Ne5 b5 15. c5 Bb7 16. Qe4 g6 17. Re3 Qf5 18. Qh4 Qg5 19. Qxg5 hxg5 20. Rg3 Rd8 21. Nf3 Na6 22. Rxg5 Nb4 23. Bb1 Kg7 24. h4 Rh8 25. Re1 Rh6 26. Rge5 Rd8 27. g3 Bc8 28. R5e3 Rhh8 29. Ra3 a4 30. b3 axb3 31. axb3 Rd7 32. Be4 Rhd8 33. Kb2 Bb7 34. Kc3 Na6 35. b4 Nc7 36. Ne5 Rxd4 37. Ra7 Rxe4 38. Rxe4 Nd5+ 39. Kb3 Rb8 40. Nd7 Nf6 41. Nxb8 1-0

[Event "SVK-chT3A2 1516"]
[Site "Slovakia"]
[Date "2016.02.21"]
[Round "8.2"]
[White "Ambros, Rafael"]
[Black "Vepy, Ivan"]
[Result "1-0"]
[WhiteElo "1987"]
[BlackElo "1938"]
[PlyCount "43"]
[EventDate "2015.10.11"]
[EventType "team-tourn"]
[EventRounds "11"]
[EventCountry "SVK"]
[SourceTitle "EXT 2020"]
[Source "ChessBase"]
[SourceDate "2019.10.17"]
[SourceVersion "1"]
[SourceVersionDate "2019.10.17"]
[SourceQuality "1"]
[WhiteTeam "Gbely Nafta"]
[BlackTeam "Skalica II"]
[WhiteTeamCountry "SVK"]
[BlackTeamCountry "SVK"]

1. e4 e5 2. Nf3 Nc6 3. d4 exd4 4. Nxd4 Nxd4 5. Qxd4 d6 6. Nc3 Bd7 7. f3 Nf6 8. Bg5 Be7 9. 0-0-0 0-0 10. g4 a6 11. h4 b5 12. Kb1 Be6 13. Nd5 Nxd5 14. exd5 Bd7 15. Bd3 Re8 16. Rde1 c5 17. Qe4 f5 18. Qf4 c4 19. Bxf5 Bxg5 20. Rxe8+ Bxe8 21. hxg5 g6 22. Be6+ 1-0

[Event "SVK-chT3A2 1516"]
[Site "Slovakia"]
[Date "2015.12.20"]
[Round "5.4"]
[White "Ambros, Rafael"]
[Black "Palka, Martin"]
[Result "1/2-1/2"]
[WhiteElo "1987"]
[BlackElo "1912"]
[PlyCount "35"]
[EventDate "2015.10.11"]
[EventType "team-tourn"]
[EventRounds "11"]
[EventCountry "SVK"]
[SourceTitle "EXT 2020"]
[Source "ChessBase"]
[SourceDate "2019.10.17"]
[SourceVersion "1"]
[SourceVersionDate "2019.10.17"]
[SourceQuality "1"]
[WhiteTeam "Gbely Nafta"]
[BlackTeam "Senica SK"]
[WhiteTeamCountry "SVK"]
[BlackTeamCountry "SVK"]

1. e4 c5 2. c3 d5 3. exd5 Qxd5 4. d4 g6 5. Nf3 Bg7 6. dxc5 Qxc5 7. Be3 Qc7 8. Be2 Nc6 9. 0-0 Nh6 10. Na3 0-0 11. Nb5 Qb8 12. Nbd4 Nxd4 13. Nxd4 Rd8 14. Qc1 Ng4 15. Bxg4 Bxg4 16. h3 e5 17. Nc6 bxc6 18. hxg4 1/2-1/2

[Event "SVK-chT3A2 1516"]
[Site "Slovakia"]
[Date "2015.11.29"]
[Round "4.4"]
[White "Slobodnik, Michal"]
[Black "Ambros, Rafael"]
[Result "1-0"]
[WhiteElo "1986"]
[BlackElo "1987"]
[PlyCount "79"]
[EventDate "2015.10.11"]
[EventType "team-tourn"]
[EventRounds "11"]
[EventCountry "SVK"]
[SourceTitle "EXT 2020"]
[Source "ChessBase"]
[SourceDate "2019.10.17"]
[SourceVersion "1"]
[SourceVersionDate "2019.10.17"]
[SourceQuality "1"]
[WhiteTeam "Sered MSK"]
[BlackTeam "Gbely Nafta"]
[WhiteTeamCountry "SVK"]
[BlackTeamCountry "SVK"]

1. d4 d5 2. Nf3 e6 3. c4 c6 4. Nc3 dxc4 5. a4 Bb4 6. e3 b5 7. Bd2 a5 8. axb5 Bxc3 9. Bxc3 cxb5 10. d5 Nf6 11. dxe6 Qxd1+ 12. Kxd1 Bxe6 13. Nd4 Bd7 14. Rxa5 Rxa5 15. Bxa5 Nc6 16. Nxc6 Bxc6 17. f3 0-0 18. Kc2 Ra8 19. Bd2 Ra1 20. e4 Nxe4 21. fxe4 Bxe4+ 22. Kc3 Bd3 23. Bxd3 Rxh1 24. Be4 Rxh2 25. Kb4 Rh5 26. Bc6 Rf5 27. Bc3 Rg5 28. Bd2 Rf5 29. Be3 h5 30. Bxb5 Re5 31. Bd4 Re2 32. Bc6 Rc2 33. Bc3 g5 34. Kxc4 h4 35. b4 g4 36. b5 Re2 37. b6 Re7 38. Bb4 Re6 39. b7 Rxc6+ 40. Kb5 1-0

[Event "SVK-chT3A2 1415"]
[Site "Slovakia"]
[Date "2014.12.14"]
[Round "5.4"]
[White "Ambros, Rafael"]
[Black "Merva, Frantisek"]
[Result "1/2-1/2"]
[WhiteElo "1994"]
[BlackElo "2045"]
[PlyCount "94"]
[EventDate "2014.10.19"]
[EventType "team-tourn"]
[EventRounds "11"]
[EventCountry "SVK"]
[SourceTitle "EXT 2019"]
[Source "ChessBase"]
[SourceDate "2018.10.10"]
[SourceVersion "1"]
[SourceVersionDate "2018.10.10"]
[SourceQuality "1"]

1. e4 e5 2. Nf3 Nc6 3. d4 exd4 4. Nxd4 Bc5 5. Nb3 Bb6 6. Nc3 Nge7 7. Bg5 d6 8. Qd2 f6 9. Bh4 Be6 10. 0-0-0 Ng6 11. Bg3 Nge5 12. Nd5 0-0 13. f3 Ne7 14. h4 Re8 15. Bxe5 dxe5 16. Bc4 Nxd5 17. Bxd5 Bxd5 18. Qxd5+ Qxd5 19. Rxd5 Be3+ 20. Kb1 Kf7 21. Rhd1 Bb6 22. Nc5 Bxc5 23. Rxc5 c6 24. Rc3 Rad8 25. Rcd3 Rxd3 26. Rxd3 Ke6 27. c4 h5 28. c5 g5 29. Rd6+ Kf7 30. hxg5 fxg5 31. Rh6 Kg7 32. Rxh5 Kg6 33. Rh1 Rd8 34. Kc2 Rd4 35. b3 Rd7 36. Rh8 Kg7 37. Re8 Kf6 38. Rf8+ Ke6 39. Rh8 Rg7 40. Re8+ Kf6 41. Rf8+ Ke6 42. g4 Rf7 43. Rxf7 Kxf7 44. Kc3 Ke7 45. a4 Kd7 46. Kc4 Kc7 47. b4 Kc8 1/2-1/2

[Event "SVK-chT3A2 1314"]
[Site "Slovakia"]
[Date "2014.01.05"]
[Round "6.3"]
[White "Ambros, Rafael"]
[Black "Gasa, Patrik"]
[Result "1/2-1/2"]
[WhiteElo "2009"]
[BlackElo "1956"]
[PlyCount "36"]
[EventDate "2013.10.13"]
[EventType "team-tourn"]
[EventRounds "11"]
[EventCountry "SVK"]
[SourceTitle "EXT 2015"]
[Source "ChessBase"]
[SourceDate "2014.11.20"]
[SourceVersion "1"]
[SourceVersionDate "2014.11.20"]
[SourceQuality "1"]
[WhiteTeam "Gbely Nafta"]
[BlackTeam "Senica SK"]
[WhiteTeamCountry "SVK"]
[BlackTeamCountry "SVK"]

1. e4 c5 2. c3 Nf6 3. e5 Nd5 4. Nf3 Nc6 5. Bc4 e6 6. d4 cxd4 7. cxd4 d6 8. 0-0 Be7 9. Qe2 0-0 10. Qe4 Re8 11. a3 Na5 12. Ba2 b5 13. exd6 Qxd6 14. b4 Nc4 15. Ne5 Ncb6 16. Nf3 Bf6 17. Re1 Bb7 18. Qe2 a6 1/2-1/2

[Event "SVK-chT2C 0506"]
[Site "Slovakia"]
[Date "2006.01.15"]
[Round "7.4"]
[White "Sorkovsky, Miroslav"]
[Black "Ambros, Rafael"]
[Result "1-0"]
[WhiteElo "2118"]
[BlackElo "2116"]
[PlyCount "127"]
[EventDate "2005.10.22"]
[EventType "team-tourn"]
[EventRounds "11"]
[EventCountry "SVK"]
[SourceTitle "EXT 2009"]
[Source "ChessBase"]
[SourceDate "2008.11.26"]
[SourceVersion "1"]
[SourceVersionDate "2008.11.26"]
[SourceQuality "1"]

1. e4 c5 2. Nf3 d6 3. d4 cxd4 4. Nxd4 Nf6 5. Nc3 g6 6. Be3 Bg7 7. f3 0-0 8. Qd2 Nc6 9. 0-0-0 Nxd4 10. Bxd4 Be6 11. Kb1 a6 12. g4 b5 13. h4 Re8 14. Nd5 Nxd5 15. Bxg7 Ne3 16. Qxe3 Kxg7 17. h5 Rh8 18. h6+ Kf8 19. Qd4 Rg8 20. g5 Qa5 21. b3 Rc8 22. Bd3 Qc3 23. Qxc3 Rxc3 24. Kb2 Rc5 25. f4 f6 26. b4 Rc7 27. a4 Bc4 28. axb5 axb5 29. Ra1 Kf7 30. Ra5 Rgc8 31. Rh2 Rb8 32. Rg2 Rbc8 33. Re2 Rb8 34. Rg2 Rbc8 35. Rf2 Rb8 36. Re2 Rc6 37. Ra7 Rbc8 38. Rb7 R6c7 39. Bxc4+ bxc4 40. Rxc7 Rxc7 41. Kc3 e5 42. fxe5 fxe5 43. Rf2+ Ke7 44. Rf3 Rc8 45. b5 Ra8 46. Kb4 Ra2 47. Rc3 Rb2+ 48. Ka5 d5 49. exd5 Kd6 50. Rxc4 Kxd5 51. Rc7 e4 52. Rxh7 Rxc2 53. Re7 Rh2 54. b6 Ra2+ 55. Kb5 Rb2+ 56. Ka6 Kc6 57. Re6+ Kd5 58. h7 Ra2+ 59. Kb5 Rb2+ 60. Ka4 Ra2+ 61. Kb3 Ra8 62. Rxg6 Rh8 63. Rg7 Rb8 64. Kc3 1-0